000 00318nam a2200133Ia 4500
005 20260328101528.0
008 260328s9999||||xx |||||||||||||| ||und||
100 _aDesideri, Paolo
245 0 _aPier Luigi Nervi /
_cPaolo Desideri
260 _bGustavo Gili
300 _a242 p.
650 _aARQUITECTOS
942 _cBK
999 _c9864
_d9864